000 00290nam a2200121Ia 4500
008 240731s9999 xx 000 0 und d
022 _a2331-2041
245 0 _aCogent Geoscience
260 _bCogent OA
856 _uhttps://www.tandfonline.com/loi/oage20
942 _2ddc
942 _cTFEJ
999 _c75939
_d75939
945 _a1
_bMadushi Gamage
_c1
_dMadushi Gamage